KDramas / 1 - Statistics

General Stats
  • This quiz has been taken 1,479 times
  • The average score is 9 of 15
Answer Stats
Picture Answer % Correct
Vincenzo
86%
Business Proposal
85%
It's okay to not be okay
85%
Goblin
81%
Extraordinary Attorney Woo
80%
Descendants of the Sun
71%
Alchemy of Souls
70%
Tomorrow
61%
Little Women
60%
Doom at your Service
53%
Suspicious Partner
44%
angel's last mission love
39%
Love in the Moonlight
31%
Rookie Historian
21%
Annarasumanara
7%
No matching quizzes found
Score Distribution
Percent of People with Each Score
Percentile by Number Answered
Your Score History
You have not taken this quiz